00510nam a2200193 a 4500001001300000003000900013005001700022008004100039020001000080082001900090100001800109245003900127260004000166300000900206500003500215505003000250650001800280700001800298nice12345678IN_TiNIC20260116013938.0050524s1984 newa grp 000 0 eng  ac25000a294.34211bZIE aZiegenbalg, B aGenealogy of the South-Indian Gods aNew DelhibUnity Book Servicec1984 a208p aincludes index and biblioraphy2 aIndex, Errata and Addenda aGods-Hinduism1 aZiegenbalg, B